| 000 | 01054nam a22003377a 4500 | ||
|---|---|---|---|
| 001 | 0062493 | ||
| 003 | KOHA_MİRAKIL | ||
| 005 | 20260207004410.0 | ||
| 007 | ta | ||
| 008 | 180730b tu |||gr||||#0|||1|eng | | ||
| 020 | _a9756760052 | ||
| 040 |
_aTR-BiSEU _btur _cTR-BiSEU _erda |
||
| 041 | 0 | _aeng | |
| 044 | _ctu | ||
| 050 |
_aPE1385 _b.S46 [t.y.] |
||
| 100 | 1 | _aŞentürk,, Faruk. | |
| 245 | 1 |
_aLiving sentence patterns in english/ _cFaruk Şentürk, ; Faruk Şentürk. |
|
| 264 | 1 |
_aİstanbul : _bMaltepe Üniversitesi _c[t.y.] |
|
| 300 | _aV, 418 pages; 24 cm. | ||
| 336 |
_ametin _btxt _2rdacontent |
||
| 337 |
_aaracısız _bn _2rdamedia |
||
| 338 |
_acilt _bnc _2rdacarrier |
||
| 650 | 0 |
_aİngiliz dili--Cümleler. _9115812 |
|
| 650 | 0 |
_aEnglish language--Clauses. _9115813 |
|
| 650 | 0 |
_aİngiliz dili--Kelimeler ve cümleler. _9115814 |
|
| 650 | 0 |
_aEnglish language--Terms and phrases. _953998 |
|
| 650 | 0 |
_aİngiliz dili--Gramer. _935601 |
|
| 650 | 0 |
_aEnglish language--Grammar. _93478 |
|
| 907 | _aDil | ||
| 942 |
_2lcc _cBK |
||
| 999 |
_c62288 _d62288 |
||